Proceedings of the Fourth International Conference on Operational Research

Guardado en:
Detalles Bibliográficos
Otros Autores: Hertz, David B., Melese, Jacques
Formato: Libro
Lenguaje:inglés
Publicado: New York Wiley 1966
Edición:1. ed.
Materias:
Etiquetas: Agregar Etiqueta
Sin Etiquetas, Sea el primero en etiquetar este registro!

MARC

LEADER 00000nam a2200000 4500
001 c002014
005 20221220102514.9
041 0 |a eng 
044 |a US 
245 1 0 |a Proceedings of the Fourth International Conference on Operational Research  |c Edit. David B. Hertz, Jacques Melese 
250 |a 1. ed. 
264 1 |a New York  |b Wiley  |c 1966 
300 |a 1092 s. 
610 2 0 |a výskum operačný 
610 2 0 |a programovanie matematické 
610 2 0 |a teória rozhodovania 
610 2 0 |a modelovanie 
610 2 0 |a teória grafov 
610 2 0 |a marketing 
610 2 0 |a doprava 
610 2 0 |a plánovanie územné 
610 2 0 |a politika investičná 
610 2 0 |a simulácia 
610 2 0 |a zdroje prírodné 
610 2 0 |a úlohy distribučné 
610 2 0 |a programovanie matematické 
700 1 |a Hertz, David B. 
700 1 |a Melese, Jacques